Klasyfikacja strzelców Euro 2008 - Statystyki

Ogólne statystyki
  • Ten quiz został rozwiązany 129 razy
  • Średni wynik to 7 z 18
Statystyki odpowiedzi
Narodowość Ilość goli Odpowiedź % Poprawnych
Hiszpania 2 Fernando Torres
90%
Hiszpania 4 David Villa
88%
Niemcy 2 Miroslav Klose
87%
Niemcy 3 Lukas Podolski
77%
Szwecja 2 Zlatan Ibrahimovic
66%
Holandia 2 Robin van Persie
61%
Rosja 2 Andrey Arshavin
42%
Holandia 2 Wesley Sneijder
39%
Niemcy 2 Michael Ballack
38%
Turcja 2 Arda Turan
25%
Niemcy 2 Bastian Schweinsteiger
24%
Holandia 2 Ruud van Nistelrooy
24%
Hiszpania 2 Dani Guiza
19%
Turcja 2 Nihat Kahveci
17%
Szwajcaria 3 Hakan Yakin
13%
Chorwacja 2 Ivan Klasnic
13%
Rosja 3 Roman Pavlyuchenko
13%
Turcja 3 Semih Senturk
13%
Nie znaleziono quizów pasujących do podanych kryteriów
Rozkład punktacji
Procent ludzi z każdym wynikiem
Percentyl według liczby udzielonych odpowiedzi
Twoja historia wyników
Nie rozwiązałeś tego quizu